[Event "Hastings 9697"]
[Site "Hastings"]
[Date "1996.??.??"]
[Round "6"]
[White "Conquest, Stuart"]
[Black "Hebden, Mark"]
[Result "1/2-1/2"]
[WhiteElo "2585"]
[BlackElo "2530"]
[Annotator "Tsesarsky,I"]
[PlyCount "126"]
[EventDate "1996.12.??"]
[EventType "tourn"]
[EventRounds "9"]
[EventCountry "ENG"]
[EventCategory "13"]
[SourceTitle "CBM 057"]
[Source "ChessBase"]
[SourceDate "1997.04.01"]
[SourceVersion "1"]
[SourceVersionDate "1997.04.01"]
[SourceQuality "1"]

1. e4 e5 2. Nf3 Nc6 3. Nc3 Nf6 4. Bb5 Nd4 5. Bc4 c6 6. d3 (6. Nxe5 d5 7. exd5
Bd6 8. Nf3 Nxf3+ 9. Qxf3 O-O 10. h3 Re8+ 11. Be2 cxd5 12. d4 Qb6 13. O-O Bb8
14. Bb5 Rd8 15. Bf4 Qxd4 16. Bxb8 Rxb8 17. Bd3 Be6 18. Rab1 Qb6 19. Rfe1 {
1/2-1/2 Podlesnik,B-Polgar,S/Ljubljana (Slovenia) 1994}) 6... Qa5 $146 (6... b5
7. Bb3 Qa5 (7... Nxb3 8. axb3 d6 $11) (7... Nxf3+ 8. Qxf3 a5 9. a3 d6 10. O-O
$14) 8. Bd2 (8. Nxe5 Nxb3 9. cxb3 b4 10. Nc4 Qd8 11. Ne2 d5 $44) 8... Qc7 9.
O-O b4 10. Ne2 Nxf3+ 11. gxf3 g5 $5 $13 {0-1 Cillo,L-Vaida,L/WchJM-U10 1991 
(37)}) 7. Bd2 Bb4 8. Bb3 $6 (8. a3 $5 Nxf3+ 9. Qxf3 d6 (9... Be7 10. Nd5 Qd8
11. Nxe7 Qxe7 $14) (9... d5 10. exd5 Bg4 11. Qg3 $16) 10. O-O Bxc3 11. Bxc3 $14
) 8... Nxb3 9. axb3 Qc7 $11 10. O-O Be7 (10... d6 11. Nb5 cxb5 12. Bxb4 $14) (
10... Bxc3 11. bxc3 d6 $11) (10... Bc5 $11) 11. h3 O-O 12. Ne2 d5 13. Ng3 dxe4
14. dxe4 Re8 (14... Rd8 15. Qe2 $11) 15. Qe2 Bf8 16. Bc3 b6 17. Rfd1 Bb7 18. b4
(18. Qe3 c5 19. Rd2 a5 20. Rad1 b5 21. Qg5 h6 22. Qf5 Bc8 23. Bxe5 Bxf5 24.
Bxc7 Bxe4 25. Nxe4 Rxe4 $11) 18... a6 19. Ne1 c5 (19... Rad8 $5) 20. bxc5 Bxc5
21. Nd3 Bf8 (21... Bd4 $5 22. Bb4 (22. Bxd4 exd4 23. e5 Nd7 24. Nf5 Nxe5 25.
Nxe5 Qxe5 26. Qxe5 Rxe5 27. Nxd4 Rae8 $15) 22... a5 23. Ba3 b5 24. c3 Bb6 $15)
22. f3 a5 23. Qd2 {[%csl Ga5][%cal Gb6b5]} (23. Qf2 b5 24. Nf5 b4 25. Be1 Rad8
(25... Rac8 26. c3 b3 27. Bd2 $14) 26. Qg3 Kh8 27. c3 $13) 23... Re6 (23...
Rad8 $5) 24. Kh1 Rae8 25. Re1 (25. Nf5 Bxe4 $5 26. fxe4 Nxe4 27. Qe3 Nxc3 28.
bxc3 Qxc3 $15) 25... Qc8 (25... Nd7 $5) 26. Nf5 Nd7 27. Nf2 Nc5 (27... Rd8 28.
Red1 f6 29. Ng4 (29. Ne3 Rd6 30. Qe2 $11) 29... Ree8 $1 (29... Bc5 30. Nge3 g6
31. Nh6+ Kg7 32. Nd5 Bd4 (32... Rd6 33. Ng4 Qc6 34. Qh6+ Kh8 35. Ndxf6 $1 $18)
33. Bxd4 exd4 34. Ng4 Bxd5 35. exd5 Rd6 36. Qh6+ Kg8 37. Re1 $16) 30. Nge3 Nc5
31. Qe2 Rxd1+ 32. Nxd1 (32. Rxd1 Na4) 32... Rd8 $15) 28. Red1 Rg6 $6 29. Qe1 (
29. b4 axb4 30. Bxb4 Rc6 $11) 29... Na6 30. Ng4 Nb4 31. Rd2 Qc7 32. Qh4 (32.
Rad1 Bc8 33. Nge3 Na2 34. Nd5 Qc6 35. Re2 (35. Rd3 Ba6 36. R3d2 Nxc3 37. Nxc3
Bb4 38. Rd8 Bc8 (38... Rge6 39. Qg3 g6 40. R8d7 Kf8 41. Nh6 R6e7 42. Rxe7 Rxe7
43. Rd8+ Re8 44. Rxe8+ Qxe8 45. Nd5 Bc5 46. Ng4 h5 47. Qxe5 Qxe5 48. Nxe5 Bb5
$44 (48... Bd4 49. Nd7+ Ke8 50. N7xb6 $18)) 39. Qd2 h6 $11) 35... Nxc3 36. Qxc3
Qxc3 37. Nxc3 Rc6 $11) 32... Rge6 33. Rad1 Bc6 34. Qg3 h5 $5 (34... Kh8 35. Nd4
R6e7 36. Nxc6 Nxc6 37. Ne3 $16) 35. Nge3 $2 (35. Bxb4 axb4 36. Nge3 Ra8 37. Nd5
Qb7 38. Qg5 g6 39. Nfe3 $14) (35. Bxe5 $1 Rxe5 $8 36. Nf6+ (36. Nxe5 Qxe5 37.
Nh6+ Kh7 38. Qxe5 Rxe5 39. Nxf7 Re7 40. Nd8 Bb5 41. c3 Na6 42. Rd6 $16) 36...
Kh8 37. Nxe8 Bxe8 38. Rd8 Qc5 (38... Na6 39. R1d7 $18) 39. R1d5 $1 Nxd5 (39...
Rxd5 40. exd5 Qxc2 41. Rxe8 Qxf5 42. Rxf8+ Kh7 43. d6 $18) 40. Qxe5 Nc7 41.
Rxe8 Qxe5 42. Rxe5 f6 43. Re7 Bxe7 44. Nxe7 $16) 35... Na2 36. Qg5 $5 (36. Nd5
Bxd5 37. exd5 Rg6 (37... Nxc3 38. dxe6 Nxd1 39. Rd7 $18) 38. Qh4 Nxc3 39. bxc3
Qd8 (39... Qxc3 40. d6 Rf6 41. d7 Rd8 42. Nh6+ $1 gxh6 (42... Kh7 43. Nxf7) 43.
Qxf6 Qc7 44. Qf5 $18) 40. Qe4 Rf6 $132) 36... Nxc3 37. bxc3 g6 38. Nd5 Bxd5 $6
(38... Qb7 39. c4 a4 40. Rb1 (40. Nf6+ $2 Rxf6 41. Qxf6 gxf5 42. Qxf5 Qe7 (
42... Qa6 43. Rd8 Qxc4 44. Rxe8 Bxe8 45. Rd8 Qb5 46. Qc8 $16) (42... a3 43. Rd7
$18) 43. Qxh5 Qe6 44. Qg5+ Bg7 45. Rb1 (45. Rd8 Qxc4 46. Rxe8+ Bxe8 47. Rd8 Qe6
48. Ra8 f6 49. Qg6 Kf8 50. Qh7 Qd7 51. Kh2 Qb7 $17) 45... Qxc4 46. Rxb6 a3 47.
Rb1 a2 48. Ra1 Qc3 49. Rdd1 Qxc2 50. Qd2 Ba4 51. Qxc2 Bxc2 52. Rd2 Bb3 53.
Raxa2 Bxa2 54. Rxa2 $19) 40... Bc5 (40... Kh8 41. Rxb6 (41. Ng3 a3 42. Rxb6 a2
43. Rd1 Qa8 44. Ra1 Bxd5 $19) 41... Qa7 42. Rb1 a3 43. c3 (43. Nf6 a2 44. Ra1
Rb8 45. Rdd1 Rb2 $132) 43... Rc8 $5 $13 (43... a2 44. Ra1 $18) (43... Rb8 44.
Rxb8 Qxb8 45. Kh2 Be8 46. Nf6 a2 47. Rxa2 Qd8 48. Nh7 $8 Qxg5 49. Nxg5 Rc6 (
49... gxf5 50. Nxe6 fxe6 51. Ra8 $18) 50. Ra8 gxf5 51. Rxe8 Kg8 52. exf5 Rxc4
53. Ne4 $18)) 41. Ng3 Kf8 42. Nf6 Ra8 43. Qh6+ Ke7 44. Nd5+ Ke8 45. Qh8+ Bf8
46. Rxb6 Qc8 47. Nf6+ Ke7 48. Ng8+ Ke8 49. Rb1 a3 50. c3 $18) 39. exd5 Rd6 (
39... Qd8 40. Qxd8 Rxd8 41. dxe6 Rxd2 42. Nh6+ $1 Bxh6 43. Rxd2 Bf8 44. Rd8
fxe6 45. Rb8 $18) 40. Nxd6 Bxd6 41. Qf6 $6 (41. Qe3 $1 e4 (41... a4 42. Ra1 a3
43. c4 Ra8 (43... e4 44. Rd4 Bc5 45. Rxe4 Bxe3 46. Rxe8+ Kg7 47. Rxe3 Qxc4 48.
Rd3 a2 49. d6 Qxc2 50. Rdd1 $18) 44. Qb3 $16) 42. Rd4 Bf4 43. Rxe4 Bxe3 44.
Rxe8+ Kh7 45. d6 $1 Qxc3 46. Rxe3 Qxc2 47. Ree1 $18) 41... a4 42. g4 $2 (42.
Re2 $16) 42... h4 $2 (42... e4 43. gxh5 Be5 44. Qh4 exf3 45. hxg6 fxg6 46. Qg4
Qf7 47. Rf2 Rf8 48. Rd3 $18) (42... hxg4 $1 43. hxg4 (43. fxg4 e4 44. Qd4 b5
45. Re2 Qe7 (45... Bc5 46. d6 $1 $18 (46. Rxe4 Bxd4 47. Rxe8+ Kg7 48. Rxd4 Qxc3
$17)) 46. Qb6 (46. Rde1 Qh4 $1 $17) 46... Qf6 47. Qe3 Bc5 48. Qg3 Bd6 49. Qe3 (
49. Rf2 $4 Bxg3 50. Rxf6 e3 $19) 49... Bc5 $11) 43... e4 $1 44. f4 $5 (44. fxe4
Rxe4 45. Rf1 Rxg4 $44) 44... Bxf4 $4 (44... Qe7 $1 45. Qxe7 Rxe7 $44 46. Rd4 (
46. Rf1 f5 47. gxf5 gxf5 48. Rg2+ Kf7 49. Rfg1 $6 Bc5 (49... Bxf4 50. Rf2) 50.
Rg7+ Ke8 51. R1g5 Rxg7 52. Rxg7 e3 53. Rg1 a3 54. Kg2 Kd7 55. Kf3 Kd6 56. c4
Bd4 57. c3 Bxc3 $17) 46... a3 47. Ra4 f5 48. gxf5 gxf5 49. Rb1 e3 50. Kg1 e2
51. Ra8+ (51. Kf2 Bc5+ 52. Ke1 Kf7 53. Ra1 Re8 54. R4xa3 Bxa3 55. Rxa3 Ke7 56.
Kxe2 Kd6+ 57. Kd3 Kxd5 $11) 51... Kf7 52. Kf2 Bc5+ 53. Ke1 Re4 54. Ra1 $11) 45.
d6 $18) 43. Rg2 a3 (43... Qd8 44. Qxd8 Rxd8 45. g5 $16) 44. g5 Rd8 45. Re1 a2
46. Ra1 Ra8 47. Rg4 Bf8 (47... Be7 48. Qc6 Qd8 49. Rxh4 Rc8 50. Qb5 Rc5 51. Qf1
Ra5 52. Rg4 Qxd5 53. Qd3 $16) 48. Rxh4 $18 Bg7 49. Qc6 Qd8 (49... Qxc6 50. dxc6
$18) 50. d6 Rc8 51. Qd5 $1 (51. Qb7 Rxc3 52. Ra4 (52. Rxa2 Qxd6 53. Ra8+ Bf8
54. Rg4 Qd1+ 55. Rg1 Qxf3+ 56. Qxf3 Rxf3 $44) 52... Qxd6 53. Ra8+ Bf8 54. R8xa2
Qe6 55. Kg2 Qf5 56. h4 Rxc2+ 57. Rxc2 Qxc2+ 58. Kg3 e4 59. Ra8 exf3 60. Qb8
Qg2+ 61. Kf4 Qd2+ 62. Kxf3 $11) 51... Qxg5 52. Rg4 Qh6 53. d7 Rd8 (53... Qxh3+
54. Kg1 Rd8 55. Rxa2 {The Game}) 54. Rxa2 Qxh3+ 55. Kg1 Bf8 56. Rxg6+ $4 (56.
Ra8 $1 Rxd7 (56... Bc5+ 57. Qxc5 bxc5 58. Rxd8+ Kg7 59. Rg8+ Kxg8 60. d8=Q+ Kg7
61. Qd5 $18) 57. Qxd7 Qxf3 58. Rxf8+ (58. Qc8 $2 Qe3+ 59. Kf1 Qc1+ 60. Ke2
Qxc2+ 61. Ke3 Qc1+ 62. Kd3 Qd1+ 63. Kc4 Qe2+ 64. Kb3 (64. Kd5 Qb5+ 65. Ke4 Qe2+
$11) 64... Qd1+ $11) 58... Kxf8 59. Qd6+ Kg8 60. Qb8+ Kg7 61. Qxe5+ $18) 56...
Kh8 57. Rxb6 (57. Qxe5+ Kh7 58. Rxb6 Rxd7 $1 $19 59. Rb1 Rd2 60. Qe4+ Kh8 61.
Qe5+ Bg7 62. Ra8+ Kh7 63. Qe4+ f5 $19) 57... Rxd7 (57... Qg3+ 58. Kf1 Rxd7 (
58... Qh3+ 59. Kg1 (59. Ke1 $2 Rxd7 60. Qxe5+ Kh7 61. Qg5 (61. Qe4+ f5 $19)
61... Qh1+ $19)) 59. Qxd7 Qxf3+ 60. Ke1 Qe3+ 61. Kd1 Qxb6 (61... Qf3+ 62. Kc1
Qe3+ 63. Qd2 Qg1+ 64. Qd1 Qe3+ 65. Kb1 Qxb6+ 66. Rb2 Qc7 67. Qd5 $18) 62. Qxf7
Qg1+ 63. Kd2 Bh6+ 64. Kd3 Qe3+ 65. Kc4 Qe4+ 66. Kb5 $18) 58. Qxe5+ f6 $4 (58...
Kh7 $19) 59. Qxf6+ (59. Rxf6 Bc5+ $19) 59... Rg7+ 60. Kf2 Bc5+ 61. Ke2 Bxb6 $1
(61... Qg2+ $4 {[%csl Rf5][%cal Ga2a8]} 62. Kd3 Qf1+ 63. Kd2 Qf2+ 64. Kc1 Qe3+
65. Kb2 Bxb6 66. Ra8+ Kh7 67. Qf5+ $18) 62. Ra4 $1 {[%cal Ga4g4]} Qg2+ 63. Kd3
Qf1+ (63... Qf1+ $11 64. Kd2 Qf2+ 65. Kd1 $11) 1/2-1/2

[Event "Olympiad-36"]
[Site "Mallorca"]
[Date "2004.10.19"]
[Round "5"]
[White "Tyomkin, Dimitri"]
[Black "Torre, Eugenio"]
[Result "1-0"]
[WhiteElo "2505"]
[BlackElo "2518"]
[Annotator "Tyomkin,D"]
[PlyCount "71"]
[EventDate "2004.10.15"]
[EventType "team-swiss"]
[EventRounds "14"]
[EventCountry "ESP"]
[SourceTitle "CBM 104"]
[Source "ChessBase"]
[SourceDate "2005.01.27"]
[SourceVersion "1"]
[SourceVersionDate "2005.01.27"]
[SourceQuality "1"]
[WhiteTeam "Canada"]
[BlackTeam "Philippines"]
[WhiteTeamCountry "CAN"]
[BlackTeamCountry "PHI"]

{Eugenio is a chess legend, and was one of World top players in 70s-80s,
playing in many tournaments with Karpov, Spassky, Korchnoi and others. Torre
played good on this Olympiad scoring positive score on a 1st board against
2570 opposition.} 1. e4 {Lukacs} e5 2. Nf3 Nc6 3. Bc4 Nf6 {Torre shows respect
to his opponent and chooses a solid opening.} 4. d3 Be7 5. O-O O-O 6. Re1 {
Good alternative to the main 6.c3. hite can use c3 square for the knight b1,
and then N to d5.} d6 7. a4 {First of all it saves Bc4 from trade (Na5), also
it captures sapce on a queenside.} Be6 8. h3 {Novelty. Nc3 is coming and white
prevents Bg4 for that case. On 8.a5 black has a strong reply 8...b6! but
probably white can even play 8.Nc3 immediatly not afraiding of 8...Bg4.} (8. a5
b6 $1 (8... a6 9. h3 Qd7 10. Nc3 Rfe8 {'~~' Lukacs. Lukacs: 'deserved
attention.'} 11. Bg5 h6 12. Bxf6 Bxf6 13. Nd5 $14 {1/2-1/2 Tyomkin,D-Lapshun,Y/
Kapuskasing CAN 2004/The Week in Chess 506 (25). (24)}) 9. Bxe6 fxe6 10. d4
exd4 11. Nxd4 Nxd4 12. Qxd4 d5 $1 {0-1 Lutz,C-Bacrot,E/Biel 2003/CBM 97 (22).
and black is just fine.}) (8. Nc3 $5 Bg4 9. h3 Bh5 10. g4 Bg6 11. Nh4 $14) (8.
Nbd2 {Lukacs} Qd7 (8... Bxc4 $6 {is strongly met by the unexpected} 9. dxc4 $1
{with a strong pressure on light squares.} Re8 10. Nf1 Bf8 11. Bg5 {The
exchange of the f6 N strengthens the pressure on the light squares.} h6 12.
Bxf6 Qxf6 13. Ne3 {(Adams-Onischuk, Tilburg 1997)} a5 $14 {/\ Nb8-d7,c6 Adams})
9. c3 $142 {Lukacs: '- 8.Nbd2'} (9. h3 $6 {is again not so important.} Rae8 $1
{/\ Bd8, Ne7-g6} 10. c3 Bd8 11. a5 Ne7 12. Qb3 c6 $15 {Landa-Ziatdinov,
Groningen 1994}) 9... Rad8 (9... d5 $6 {loses simply the e P.} 10. exd5 Nxd5
11. Nxe5 Nxe5 12. Rxe5 $16) (9... Rfe8 10. b4 $142 {White wants to gain space
on the <<.} (10. Bb3 Bf8 11. a5 $1 Bxb3 12. Qxb3 a6 $1 {Black has to stop
White's advance on the <<.} 13. Nf1 d5 {After this freeing move Black can
solve his opening problems.} 14. Bg5 dxe4 15. dxe4 Qe6 16. Qxe6 Rxe6 17. Bxf6
Rxf6 {Here the B is not bad at all, a5 can be a target.} 18. Ne3 Re6 $1 $11 {
Grosar-Gostisa, SLO-ch 1994}) 10... Bf8 11. Bxe6 Qxe6 12. b5 Ne7 13. d4 $14 {
with |^ in the [+].}) 10. b4 $1 Qc8 (10... d5 $6 {is again premeture.} 11. exd5
Bxd5 (11... Nxd5 12. b5 Na5 13. Nxe5 $16) 12. b5 Na5 13. Nxe5 {and Black has
no real compensation for the P.} Qf5 14. Bxd5 Nxd5 15. Qf3 Qxf3 16. Ndxf3 Nb3 (
16... Nxc3 17. Bd2 Bb4 18. Rab1 $1 $18) 17. Rb1 Nc5 18. d4 Nxa4 19. c4 Ndc3 20.
Ra1 $16) (10... Rfe8 11. b5 Na5 12. Bxe6 fxe6 13. Nf1 {The a5 N is pathetic.}
c6 14. Bd2 b6 15. Qb1 $14) 11. Bb2 g6 12. Bxe6 Qxe6 13. b5 Nb8 14. d4 $14 {
and White comes first in the [+], Delchev-Beliavsky, Plovdiv 2003.}) 8... Qd7
9. Nc3 Na5 {Another experienced GM chose the same line against me in a later
round, but failed to equalize either.  Lukacs: 'Forcing White to leave c4 and
then exchanging the light-squared B.'} (9... Rad8 10. a5 a6 11. Bg5 h6 12. Bxf6
Bxf6 13. Nd5 Bxd5 14. Bxd5 $14 {1/2-1/2 Tyomkin,D-Mihalcisin,A/Mallorca (Spain)
2004 (23).}) (9... Bxc4 {Lukacs} 10. dxc4 $14 {helps again for White.}) 10. Ba2
$1 {Quite move but effective!} (10. Bd5 c5 $1 {[%cal Ga5c6]}) 10... Bxa2 (10...
c5 $5 {[%cal Ga5c6] to grab some space in the centre.}) 11. Rxa2 {White rook
looks bit strange on a2,on the other hand it will be easier to double rooks
later!} Nc6 12. Bg5 {Lukacs: '/\ Bxf6 emphasizing the pressure on the light
squares.'} Rae8 {[%cal Ge7d8] Black is planning to play on a kingside - the
idea is BxN BxN Nd5 Bd8 and both black rooks are on the kingside.} 13. a5 {
White must play on a queenside where has space advantage.} a6 14. Bxf6 {
This helps black to get a play on a kingside, but unfortunately no other
useful moves here for white - I need my knight to d5 then advancing pawns
there.} Bxf6 15. Nd5 {'+/=' Lukacs.} Bd8 16. b4 (16. c3 {Lukacs: falls into
the well-known motif} Nxa5 $1 17. Rxa5 c6 $132) 16... Re6 {Too ambitious.
Black should've played defense by:} (16... Ne7 17. Nxe7+ Bxe7 18. c3 $14) 17.
c4 Rg6 18. Kh1 f5 19. b5 {Action begins!} Nb8 $1 {[%cal Yb8a6,Yc7c6] This move
protects everything on a queenside, also black intends c7-c6.} 20. exf5 {
For about 20 minutes I was considering 20.d4, but failed to come to any
conclusion. 20.exf5 is safer but gives black a chance to equalize.} (20. d4 $1
exd4 (20... axb5 21. dxe5 bxc4 22. Nf4 $16) 21. exf5 Qxf5 22. Nxd4 Qf7 23. Rae2
$16) 20... Rxf5 $2 {Wrong piece! In concrete play 53 y.o. Torre fails to find
best moves. The difference is that after Qxf5 black can respond with e5-e4 on
white's d3-d4 break.} (20... Qxf5 $1 {[%cal Gd3d4,Ye5e4]} 21. b6 (21. Re4 c6 {
with counterplay.}) (21. bxa6 Nxa6 22. d4 e4 23. Nh2 c6 $13) 21... c6 22. Ne3
$14) 21. bxa6 Nxa6 22. d4 $1 $16 {[%cal Ye1e8] White opens files for his rooks.
} Rh5 {[%cal Rd7h3] Just a cheap threat.} 23. Ng1 $1 {Passive but very
effective!} Rh4 {This move loses a pawn, but black is in trouble anyhow.} 24.
dxe5 Nc5 (24... c6 25. Ne3 $16) (24... Rxc4 25. Qb3 $18) 25. Rae2 $18 {This
rook does a good job for white in this game!} Ne6 (25... c6 26. exd6 $1 $18)
26. Nf3 {Time to bring this knight back to the game - white dominates!} Rhh6
27. exd6 Qxd6 (27... cxd6 28. Ne5 $1 $18) 28. Rd2 $1 {Those short moves killed
black in this game!} Qf8 {In this position Torre offered me a draw, ex-FIDE
president Campomanes was there watching the game....} {[%tqu "En","Find the
tactical blow which kills black on a spot!","","","d5f4","'!'",10]} 29. Nf4 $1
{[%csl Rd8] This kills black on a spot. You can't win a chess game only with
short and quite moves!} Qxf4 30. Rxd8+ Nf8 (30... Nxd8 31. Qxd8+ Kf7 32. Qe8+
Kf6 33. Qe6#) 31. Qd5+ Kh8 32. Ree8 Rf6 33. Qe4 $1 {[%csl Rf8] Continuing the
strategy of simple but killing moves. Fritz shows 33.g3 as its first choice.}
Qc1+ (33... Kg8 34. Rxf8+ Rxf8 35. Qxf4 Rxd8 36. Qxc7 $18) 34. Kh2 Qa3 35. Qe3
{[%csl Rf8] "Short" move again!} Qb4 36. c5 {[%cal Rb4f8] '!' Lukacs. One more
short move forces the resignation.} 1-0

[Event "Olympiad-36"]
[Site "Mallorca"]
[Date "2004.10.23"]
[Round "8"]
[White "Tyomkin, Dimitri"]
[Black "Mikhalchishin, Adrian"]
[Result "1/2-1/2"]
[WhiteElo "2505"]
[BlackElo "2512"]
[Annotator "Tyomkin,D"]
[PlyCount "45"]
[EventDate "2004.10.15"]
[EventType "team-swiss"]
[EventRounds "14"]
[EventCountry "ESP"]
[SourceTitle "CBM 104"]
[Source "ChessBase"]
[SourceDate "2005.01.27"]
[SourceVersion "1"]
[SourceVersionDate "2005.01.27"]
[SourceQuality "1"]
[WhiteTeam "Canada"]
[BlackTeam "Slovenia"]
[WhiteTeamCountry "CAN"]
[BlackTeamCountry "SLO"]

1. e4 e5 2. Nf3 Nc6 3. Bc4 Nf6 4. d3 Be7 5. O-O O-O 6. Re1 d6 7. a4 Be6 8. h3
$1 {'Novelty. Nc3 is coming and white prevents Bg4 for that case. On 8.a5
black has a strong reply 8...b6! but probably white can even play 8.Nc3
immediatly not afraiding of 8...Bg4.'} (8. a5 b6 $1 (8... a6 9. h3 Qd7 10. Nc3
Rfe8 11. Bg5 h6 12. Bxf6 Bxf6 13. Nd5 $14 {1/2-1/2 Tyomkin,D-Lapshun,Y/
Kapuskasing CAN 2004/The Week in Chess 506 (25). (24)}) 9. Bxe6 fxe6 10. d4
exd4 11. Nxd4 Nxd4 12. Qxd4 d5 $1 {0-1 Lutz,C-Bacrot,E/Biel 2003/CBM 97 (22). 
(22) and black is just fine.}) (8. Nc3 $5 Bg4 9. h3 Bh5 10. g4 Bg6 11. Nh4 $14)
8... Qd7 9. Nc3 Rad8 $146 {Just a solid move, which doesn't really change the
valuation of this opening line.} (9... Na5 10. Ba2 $1 (10. Bd5 c5 $1) 10...
Bxa2 (10... c5 $5 {to grab some space in the centre.}) 11. Rxa2 Nc6 12. Bg5
Rae8 13. a5 a6 14. Bxf6 Bxf6 15. Nd5 Bd8 16. b4 Re6 (16... Ne7 17. Nxe7+ Bxe7
18. c3 $14) 17. c4 Rg6 18. Kh1 f5 19. b5 {Action begins!} Nb8 $1 20. exf5 (20.
d4 $1 exd4 (20... axb5 21. dxe5 bxc4 22. Nf4 $16) 21. exf5 Qxf5 22. Nxd4 Qf7
23. Rae2 $16) 20... Rxf5 $2 (20... Qxf5 $1 21. b6 (21. Re4 c6 {with
counterplay.}) (21. bxa6 Nxa6 22. d4 e4 23. Nh2 c6 $13) 21... c6 22. Ne3 $14)
21. bxa6 Nxa6 22. d4 $1 $16 {1-0 Tyomkin,D-Torre,E/Mallorca (Spain) 2004 (36)})
10. a5 {following the plan.} (10. Nd5 $5 Bxd5 11. exd5 Nb4 12. d4 exd4 (12...
Nbxd5 13. dxe5 dxe5 14. Nxe5 $14) 13. Nxd4 Nbxd5 14. Qf3 c6 (14... Nb6 15. Bd3
c6 16. Bh6 $1 Rfe8 17. Bxg7 $1 $16) 15. Nf5 Rfe8 16. Bg5 $16 Qc7 17. Rad1 $16 {
black can hardly move, while white pieces dominate.}) 10... a6 {Useful move,
which prevents a5-a6.} (10... Nd4 11. Nxd4 exd4 12. Nd5 Nxd5 (12... Bxd5 13.
exd5 Rfe8 (13... Rde8 14. Qf3 (14. b4 $14 {[%cal Gc1b2]}) 14... Bd8 15. Bd2 $14
{[%csl Rd4] pawn d4 of black is always a target.}) 14. Qf3 $14) 13. exd5 Bf5
14. Bb3 $5 $14 {[%cal Gb3a4]}) 11. Bg5 (11. Nd5 Bxd5 12. Bxd5 Nxd5 13. exd5 Nb4
(13... Nd4 14. Nxd4 exd4 15. Qg4 Qxg4 16. hxg4 $14 {[%cal Ge1e4] with grievous
ending for black.}) 14. c4 c5 15. Ra3 $1 $14 {[%cal Gc1d2]}) 11... h6 $6 {
11...Ne8 is better way to fight for an equality.} (11... Ne8 $5 12. Nd5 (12.
Be3 $5) 12... Bxg5 13. Nxg5 h6 14. Nf3 f5 15. c3 $14) 12. Bxf6 Bxf6 13. Nd5
Bxd5 14. Bxd5 Ne7 $6 {Risky move, which allows white to reach the advantage
after Bxp.} (14... Rb8 15. c3 Ne7 16. Bb3 $14 {[%cal Gd3d4]}) 15. Bb3 $6 {
Fishy decision. I should've tried Bxb7 in order to obtain any advantage.} (15.
Bxb7 $1 Qb5 16. Bd5 Qxb2 (16... Nxd5 17. c4 {I simply overlooked this
intermediate tactical blow....} Qxb2 18. cxd5 Rb8 19. Qc1 $16 {[%csl Rc7,Rf6]})
17. Bc4 $1 $14 {[%csl Ra6]}) 15... Rfe8 {black intends d6-d5.} 16. d4 exd4 17.
Nxd4 Ng6 {here black could've reached immediate balance by:} (17... c5 $1 18.
Ba4 Nc6 19. Nxc6 bxc6 20. Qd3 $11) 18. c3 d5 $1 {Thematic break in the centre,
which came as a suprise since I was sure that I control the centre!} 19. Bxd5 (
19. exd5 Rxe1+ 20. Qxe1 Bxd4 21. cxd4 Nf4 22. Qe5 Nxd5 23. Bxd5 Qxd5 24. Qxc7
Rd7 {then grabbing d4 with a dead draw.}) 19... c6 20. Bc4 Bxd4 21. cxd4 Qxd4
22. Qb3 Qd7 (22... Ne5 23. Bf1 Qd7 24. Rad1 Qe7 $11) 23. Rad1 (23. Rad1 Qc7 24.
Rxd8 Rxd8 25. Qc3 {the position of dynamic balance. Both sides can't do much
here to play for a win.}) 1/2-1/2